000 00684cam a22002413a 4500
001 14547
003 PGUSA
005 20140828083318.0
008 041231s2004||||xxu|||||s|||||000 p eng d
040 _aPGUSA
_beng
042 _adc
050 4 _aPB
100 1 _aMynyddog,
_d1833-1877
245 1 0 _aGwaith Mynyddog. Cyfrol II
_h[electronic resource] /
_cMynyddog
260 _bProject Gutenberg,
_c2004
506 _aPublic domain in the USA.
516 _aElectronic text
653 _aWelsh poetry -- 19th century
700 1 _aEdwards, Owen Morgan,
_cSir,
_d1858-1920
830 0 _aProject Gutenberg
_v14547
856 4 0 _uhttp://www.gutenberg.org/ebooks/14547
942 _cEB
999 _c243802
_d243802